| 000 | 01025nam a22002657a 4500 | ||
|---|---|---|---|
| 003 | OSt | ||
| 005 | 20191029062613.0 | ||
| 008 | 180305b xxu||||| |||| 00| 0 spa d | ||
| 020 | _a9502004418 | ||
| 040 | _cPJ | ||
| 100 |
_91718 _aDi Baja, Agusto César |
||
| 245 | 1 | 4 |
_aLas remuneraciones de los directores de sociedades anónimas : _brégimen legal y previsional / _cAgusto César Di Baja. |
| 260 |
_aBuenos Aires : _bAbeledo-Perrot, _c1987. |
||
| 300 |
_a92 p. _c23 cm. |
||
| 500 | _aNotas a pie de página. | ||
| 504 | _aBibliografía: p. 87-88. | ||
| 505 | _aContenido: Principios generales -- Situación de los directores de sociedades anónimas -- Resoluciones administrativas y jurisprudencia judicial -- Apéndices. | ||
| 650 | 0 |
_91602 _aDERECHO COMERCIAL |
|
| 650 | 0 |
_aSOCIEDADES COMERCIALES _9646 |
|
| 650 | 0 |
_91625 _aSOCIEDAD ANONIMA |
|
| 650 | 0 |
_91688 _aDIRECTORES DE SA |
|
| 650 | 0 |
_91732 _aREMUNERACION DEL DIRECTORIO |
|
| 700 |
_91690 _aFigueroa, Federico |
||
| 942 |
_2udc _cLIB _h347.725 _iDIB |
||
| 999 |
_c1158 _d1158 |
||